[Event "Frascati"]
[Site "Frascati"]
[Date "2005.05.26"]
[Round "6"]
[White "Khenkin, Igor"]
[Black "Vocaturo, Daniele"]
[Result "0-1"]
[WhiteElo "2610"]
[BlackElo "2303"]
[Annotator "Balzan,R"]
[PlyCount "132"]
[EventDate "2005.05.21"]
[EventType "tourn"]
[EventRounds "9"]
[EventCountry "ITA"]
[EventCategory "8"]
[SourceTitle "CBM 106 Extra"]
[Source "ChessBase"]
[SourceDate "2005.07.01"]
[SourceVersion "1"]
[SourceVersionDate "2005.07.01"]
[SourceQuality "1"]

1. d4 Nf6 2. c4 g6 3. Nc3 Bg7 4. e4 d6 5. f3 O-O 6. Nge2 c5 7. d5 e6 8. Ng3
exd5 9. cxd5 a6 10. a4 {The game, started as King Indian, has now switched to
Modern BenOni} Nbd7 11. Be2 h5 12. Bg5 Qc7 13. Qd2 c4 {Bd1 Rb1 Bc2 Ke8} 14. O-O
(14. Rc1 Qa5 15. Ra1 Qb4 16. a5 b5 17. Be3 Nc5 18. Ra3 Nfd7 19. Qc2 Nd3+ 20.
Bxd3 cxd3 21. Qxd3 Ne5 22. Qd1 Nc4 23. Rb3 Qxa5 24. Bd4 Bxd4 25. Qxd4 Qb6 26.
Qxb6 Kg7 {1/2-1/2 Pomes Marcet,J-Martin Gonzalez,A/Barcelona 2000 (46)}) (14.
f4 Nh7 15. f5 Nxg5 16. Qxg5 Qd8 17. Qxd8 Rxd8 18. fxg6 fxg6 19. Bxc4 Ne5 20.
Be2 Bd7 21. O-O-O Rdc8 {0-1 Vranic,L-Arsovic,G/Senta 2002 (36)}) 14... Rb8 15.
Rfc1 $146 (15. Bh6 h4 16. Nh1 b5 17. axb5 axb5 18. Nf2 b4 19. Bxg7 Kxg7 20. Na4
Nc5 21. Nxc5 Qxc5 {1/2-1/2 Christiansen,L-Fedorowicz,J/San Francisco 1991}) (
15. Rac1 Qa5 16. Ra1 Qb4 17. a5 b5 18. Be3 Nc5 19. Ra3 Nfd7 20. Qc2 Nd3 21.
Bxd3 cxd3 22. Qxd3 Ne5 23. Qd1 Nc4 24. Rb3 Qxa5 {1/2-1/2 Pomes Marcet,J-Martin
Gonzalez,A/Barcelona 2000 (46)}) (15. f4 Nh7 16. f5 Nxg5 17. Qxg5 Qd8 18. Qxd8
Rxd8 19. fxg6 fxg6 20. Bxc4 Ne5 21. Be2 Bd7 22. Rfb1 Rdc8 23. Bf1 Rc7 24. Nge2
Nc4 25. Ra2 Rf8 {0-1 Vranic,L-Arsovic,G/Senta 2002 (36)}) 15... b5 16. axb5
axb5 17. b4 cxb3 18. Nxb5 (18. Be3 $5) 18... Qd8 $5 (18... Qb6+ 19. Be3 Nc5 (
19... Bh6 $5)) 19. Kh1 (19. Rc6 $6 Ne5 $1 20. Rxd6 Qe7 21. Qf4 Rxb5 22. Bxf6
Bxf6 23. Qxf6 b2 24. Rb1 Qa7+) 19... h4 $1 20. Nf1 $8 (20. Bxh4 $2 Nxe4 21.
Bxd8 $140 $2 Nxd2 $19) 20... h3 21. Rab1 Ba6 22. Rxb3 (22. Nxd6 hxg2+ 23. Kxg2
Bxe2 24. Qxe2 Nxd5 $1) 22... Nc5 23. Rbb1 Qd7 24. Qa5 {A logical move, but it
has the defect of taking the Queen away from King side, and this will have a
huge consequence} hxg2+ 25. Kxg2 Bc8 $1 26. Ng3 $6 (26. Kh1 $142) 26... Qh3+
27. Kh1 {# diagram} Nfxe4 $5 {The sacrifice is probably uncorrect, but it is
very tricky and corageous, and force the opponent to think for a long time,
leaving him in a dangerous 'zeitnot'.} 28. fxe4 (28. Nxe4 $2 Nxe4 29. fxe4 Be5
$19) 28... Nxe4 $1 29. Bf4 (29. Nxe4 $2 Be5 30. Kg1 $8 Bf5 31. Nf6+ $8 Kg7 $19)
29... Nf2+ 30. Kg1 Rxb5 $5 {Obviously the guardian of the d4 square has to be
removed} (30... Ng4 31. Bxg4 Bxg4 32. Rf1 Rfc8 33. Qd2 Rc5 $13) 31. Rxb5 Bd4 {
# diagram} 32. Qd2 $2 $138 (32. Qb4 Qh8 (32... Ba7 33. Qa3) 33. Kf1 Re8 (33...
g5 $5) (33... Qh3+ 34. Ke1) 34. Rxc8 Rxc8 (34... Qh3+ 35. Kg1) 35. Rb8 Qh3+ 36.
Ke1) 32... Nd3+ 33. Be3 Qh6 $1 34. Bxd4 $8 {White is obliged to give back
matherial at once to avoid immediate loss.} Qxd2 35. Rd1 Qf4 36. Rxd3 Ba6 37.
Rbb3 (37. Be3 $5) 37... Bxd3 38. Rxd3 {As the smok e disappears, the resulting
ending is very complicated, with an approximate balance of matherial, but also
with a strong pressure of black heavy pieces on white exposed King position.
All the Grandmasters watching the game were of the opinion that Black had a
little edge, but that it was quite diffcult to convert this edge in a full
point. Daniele will show an uncommon technical ability.} Re8 39. Bf2 Qc4 40.
Bf1 Qc1 41. Kg2 Qg5 42. Rd4 Rb8 43. h4 Qe5 44. Be2 f5 45. Rd2 Rb3 46. Bd1 Rc3
47. Ne2 Qe4+ 48. Kf1 Rf3 49. Ng3 $2 (49. Ng1 Rf4) 49... Rxf2+ $1 50. Rxf2 (50.
Kxf2 Qf4+) 50... Qd3+ 51. Be2 Qxg3 $19 52. h5 g5 53. Rf3 Qh4 54. Bd3 f4 55. Bf5
Qxh5 56. Kg2 Qe8 57. Be6+ Kg7 58. Rb3 Qa8 59. Kh3 Kf6 60. Rf3 Qa2 61. Bg4 Qxd5
62. Kg2 Kg6 63. Kg1 Qd1+ 64. Kf2 d5 65. Be6 (65. Bd7 d4 66. Kg2 d3) 65... Qd2+
66. Kg1 Qe1+ 0-1

[Event "BL2-Nord 9900"]
[Site "Germany"]
[Date "1999.10.10"]
[Round "1.3"]
[White "Czerwonski, Aleksander"]
[Black "Bangiev, Alexander J"]
[Result "1/2-1/2"]
[WhiteElo "2426"]
[BlackElo "2400"]
[Annotator "Bangiev,A"]
[PlyCount "51"]
[EventDate "1999.10.10"]
[EventType "team-tourn"]
[EventRounds "9"]
[EventCountry "GER"]
[SourceTitle "CBM 074 Extra"]
[Source "ChessBase"]
[SourceDate "2000.03.10"]
[SourceVersion "2"]
[SourceVersionDate "2000.03.10"]
[SourceQuality "1"]
[WhiteTeam "Neukloster"]
[BlackTeam "Isernhagen"]
[WhiteTeamCountry "GER"]
[BlackTeamCountry "GER"]

1. d4 g6 2. c4 Bg7 3. Nc3 c5 4. d5 d6 5. e4 Nf6 6. f3 O-O 7. Bg5 h6 (7... e6 8.
Qd2 exd5 9. cxd5 h6 10. Bxh6 Nxe4 11. Nxe4 Qh4+ 12. g3 Qxh6 13. Qxh6 Bxh6 14.
Nxd6 Nd7 $13) 8. Be3 e6 9. Qd2 exd5 10. cxd5 h5 (10... Re8 11. Bxh6 $6 (11.
Nge2) 11... Nxe4 12. Nxe4 Qh4+ 13. g3 Qxh6 $132) (10... Nbd7 11. Nh3 $5 (11.
Bxh6 Nxe4 12. Nxe4 Qh4+ 13. g3 Qxh6 14. Qxh6 Bxh6 15. Nxd6 Nb6 $132) 11... Ne5
12. Nf2 Kh7 13. Be2 a6 14. a4 Re8 15. O-O Bd7 16. a5) (10... a6 11. a4 Re8 12.
Nge2 Nbd7 {ist die Hauptvariante.}) 11. Nge2 Nbd7 (11... a6 12. a4 Nbd7) 12.
Nc1 Ne5 (12... a6 13. a4) 13. Be2 Nh7 14. O-O f5 (14... Qe7) (14... Re8 $5) 15.
f4 (15. exf5 Bxf5 16. h3 (16. f4 Ng4) 16... Qf6 17. f4 Nf7 18. Nd3 Rae8 $132)
15... Nf7 (15... Ng4 16. Bxg4 hxg4 17. e5 $1 $36) 16. e5 (16. Bd3 $6 Re8 17.
exf5 Bxf5) 16... dxe5 (16... b6 17. e6 Nh6 18. a4 Nf6 19. h3 Ne4 $5 20. Qd3 Bb7
21. Bf3 c4 $5 22. Qxc4 (22. Qc2 Bxc3 23. bxc3 Bxd5) 22... Rc8 23. Qb5 Nxc3 24.
bxc3 Rxc3 25. Re1 $14) 17. Bxc5 Re8 (17... Nd6 18. fxe5 (18. Nd3 e4 19. Ne5)
18... Bxe5 19. Nd3 $36) 18. Nd3 (18. Nb3 {/\d6,Bc4} b6 19. Be3 Bb7 20. Bb5 Re7
$132) 18... e4 (18... b6 19. Be3 e4 20. Nb4 Bb7 21. Rfd1 $36) 19. Ne1 b6 (19...
Nf6 20. Nc2 Bd7 21. h3 Qc7 22. Qe3 b6 23. Bd4 b5 $5 24. Rac1 Qb7 25. Nb4 a5 (
25... Rac8) 26. Nc6 b4 (26... Nxd5 27. Nxd5 Bxc6 28. Nf6+ Bxf6 29. Bxf6 Re6 $17
) 27. Bxf6 Bxf6 28. Na4 Rac8 $13 {1-0 Jussupow,A-Dolmatov,S/Wijk aan Zee 1991/
(44)}) 20. Bd4 Nf6 21. Nc2 Bb7 22. Ne3 Qe7 {[%mdl 8]} (22... Nd6 23. Nc4 $6 (
23. Rfd1 $142 $14 {/\Rac1}) 23... Nxc4 24. Bxc4 Rc8 25. b3 (25. Bb5 Rf8 {><d5})
(25. Bb3 Kh7 {/\Ba6-d3|^}) 25... Kh7 26. Rac1 a6 27. a4 Qd6 28. g3 (28. Be5 $2
Rxe5 29. fxe5 Qxe5 $44 {/\Ng4,Bh6->}) 28... Rcd8 29. Rcd1 Re7 $132 {0-1 Ernst,
T-Tal,M/Subotica 1987/(59)}) 23. Rfd1 Red8 24. Rac1 (24. Qe1 $5 Kh7 25. Qg3)
24... Bh6 25. g3 Rac8 (25... Nxd5 $5 26. Ncxd5 Bxd5 27. Bxb6 axb6 28. Nxd5 Qb7
29. Bc4 b5 30. Bb3 $13) 26. a3 1/2-1/2

[Event "Minsk"]
[Site "Minsk"]
[Date "1993.??.??"]
[Round "?"]
[White "Dydyshko, Viacheslav"]
[Black "Golod, Vitali"]
[Result "1-0"]
[WhiteElo "2490"]
[BlackElo "2485"]
[Annotator "Belov,I"]
[PlyCount "87"]
[EventDate "1993.03.??"]
[EventType "tourn"]
[EventRounds "11"]
[EventCountry "BLR"]
[EventCategory "9"]
[SourceTitle "CBM 036"]
[Source "ChessBase"]
[SourceDate "1993.10.01"]
[SourceVersion "1"]
[SourceVersionDate "1993.10.01"]
[SourceQuality "1"]

1. d4 Nf6 2. c4 d6 3. Nc3 g6 4. e4 Bg7 5. f3 O-O 6. Be3 c5 7. d5 e6 8. Qd2 exd5
9. cxd5 Re8 (9... h5 $5) 10. Nge2 a6 (10... Nbd7 11. Nc1 (11. Ng3 a6 12. Be2 b5
13. a4 bxa4 $14 {(Dydyshko-Ryskin,Katowice 1993)}) 11... h5 12. Be2 Ne5 13. O-O
Nh7 14. Bh6 Bh8 15. Kh1 f5 16. Nb3 Nf6 $13 {(Sadler-Khalifman,Oviedo 1992)}) (
10... h5 11. Nf4 Nbd7 12. Be2 Ne5 13. O-O a6 14. b3 b5 15. Rac1 h4 16. Nd1 Bd7
17. Nf2 a5 $10 {Sadler-Polgar,Y,Hastings 1992/93)}) 11. Ng3 b5 (11... h5 $5 12.
Be2 h4 13. Nf1 Nh7 {(/\14...f5 )}) 12. Be2 h5 13. a4 $5 (13. O-O) 13... b4 14.
Nd1 Nh7 (14... h4 15. Nf1 Nh7 16. Bh6 Bh8 17. Nfe3 f5 18. Nf2 $14) (14... Nbd7
15. O-O a5 16. Bh6 Nb6 {(/\17...Ra6 )}) 15. O-O Ra7 $5 16. Re1 $1 Rae7 17. Bf2
$14 Nd7 18. Ne3 Bh6 (18... Ne5 $5 19. f4 (19. Ngf1 f5 20. exf5 gxf5 21. Qc2 Rf7
22. Nd2 $14) 19... Nd7 20. Bf3 Ndf6 $132) 19. Qc2 Ne5 (19... f5 20. Nc4 f4 $8
21. Nf1 Ne5 22. Nxe5 Rxe5 23. Nd2 $16) 20. Ngf1 {(/\21.Rh4)} Rc7 21. Nd2 f5 22.
exf5 gxf5 (22... Bxf5 $2 23. Nxf5 gxf5 24. Bxa6) 23. Ndc4 Qf6 (23... Bg7 24. f4
Ng4 25. Nxg4 hxg4 26. Bd3 $16) 24. Nxe5 Rxe5 25. Nc4 $1 $16 Rxd5 (25... Re8 26.
Bd3 $16) 26. Rad1 Rxd1 27. Rxd1 Bf8 28. Nb6 Bb7 (28... Qg6 29. Nxc8 Rxc8 30.
Bxa6 $16) 29. Nd5 Bxd5 30. Rxd5 {(/\31.Bf5,31.Ra6)} Bg7 31. b3 Re7 32. Bxa6 Qc3
33. Qd1 Bd4 34. Kf1 (34. Bxd4 Re1+ 35. Kf2 Rxd1 36. Bxc3 Rxd5 37. Bc4 $18)
34... Bxf2 $6 (34... Be5 35. Bc4 Kg7 36. a5 $16) 35. Kxf2 Qf6 36. g3 (36. Rxd6
$6 Qh4+) 36... Ng5 (36... Rd7 37. Bc8 Rd8 38. Bxf5 $18) 37. Rxd6 $18 Qg7 38.
Qd5+ Rf7 39. Qd2 Re7 40. Bc4+ Kh7 41. Rd5 Qg6 (41... Qf6 42. h4 Nf7 43. Rxf5
Qxf5 44. Bd3 $18) 42. Rd7 Rxd7 (42... Qf6 43. Rxe7+ Qxe7 44. Qd5 Qf8 45. h4 $18
) 43. Qxd7+ Kh6 44. h4 {(44...Nh745.Rd3)} 1-0

[Event "Elenite"]
[Site "Elenite"]
[Date "1993.??.??"]
[Round "8"]
[White "Vyzmanavin, Alexey"]
[Black "Georgiev, Kiril"]
[Result "0-1"]
[WhiteElo "2605"]
[BlackElo "2660"]
[Annotator "Belov,I"]
[PlyCount "110"]
[EventDate "1993.??.??"]
[EventType "tourn"]
[EventRounds "11"]
[EventCountry "BUL"]
[EventCategory "14"]
[SourceTitle "CBM 038"]
[Source "ChessBase"]
[SourceDate "1994.02.01"]
[SourceVersion "1"]
[SourceVersionDate "1994.02.01"]
[SourceQuality "1"]

1. d4 Nf6 2. c4 g6 3. Nc3 Bg7 4. e4 d6 5. f3 O-O 6. Be3 c5 7. Nge2 Nc6 8. d5
Ne5 9. Ng3 e6 10. Be2 exd5 11. cxd5 a6 12. a4 h5 (12... Bd7 13. f4 $5 (13. O-O
b5 $1 $10) 13... Neg4 14. Bd2 h5 15. h3 {Portisch,L-Polgar,J /Biel/1993/} Nh6
16. e5 Ne8 17. O-O h4 18. Nge4 Nf5 $13) 13. O-O Nh7 14. Qd2 h4 15. Nh1 f5 16.
Nf2 Bd7 $5 (16... fxe4 $6 17. Ncxe4 Bf5 18. Bh6 Qe7 19. Bxg7 Kxg7 20. f4 Nd7
21. Bf3 Ndf6 22. Rae1 $16 {Jakobsen,O-Sznapik,A /Kobenhavn/1990/}) (16... b6
17. Rae1 Ra7 18. f4 Nf7 19. exf5 gxf5 20. Nh3 Qf6 21. Bd3 Nh6 22. Kh1 Ng4 $13 {
Novak,I-Michalek,J /Praha/1992/}) (16... Qf6 $1 {Shirov/} 17. exf5 gxf5 18. f4
Ng4 (18... Nf7 $5 19. Nfd1 Bd7 20. Rb1 Rac8 $13) 19. Nxg4 fxg4 20. f5 Bxf5 21.
Bxg4 Qg6 22. Bxf5 Rxf5 23. Rxf5 Qxf5 24. Rf1 Qg6 $13 {Kuzmin,A-Shirov,A /SSSR/
1991 Inf 53/83/}) (16... Re8 $5) 17. Kh1 Re8 18. exf5 (18. f4 $5 Nf7 19. Bd3
Nf6 20. Rae1 $13) 18... gxf5 (18... Bxf5 $6 19. Nfe4 Nf6 20. Ng5 $16) 19. Nh3
Ng6 20. Rfe1 (20. Nf4 Nxf4 21. Bxf4 Qf6 $10) 20... Qf6 21. f4 $5 Re7 22. Bh5
Bh6 (22... Rae8 23. Bf2 Nhf8 24. Ng5 $14) 23. Bf2 Rae8 $5 (23... Nhf8 24. a5
Rae8 $13) 24. Bxg6 $6 (24. a5 $13) 24... Qxg6 25. Bxh4 Rxe1+ 26. Rxe1 b5 27.
axb5 axb5 $44 28. Re7 Rxe7 29. Bxe7 b4 30. Nd1 Nf6 $1 31. Nhf2 $6 Ne8 32. Bg5
Bg7 $17 33. Ne3 Nc7 34. h3 (34. b3 Bd4 35. Nfd1 Qe8 36. Nc4) 34... Bd4 35. Nfd1
Qe8 36. Nc2 (36. Nc4 Nb5 37. Nde3 Qe4 $17) 36... Bg7 37. b3 Qe4 38. Nde3 Nb5
39. Kh2 Nd4 $1 40. Nxd4 Bxd4 41. Nc2 Bc3 $19 42. Qf2 (42. Qd1 Bb5) 42... Qxd5
43. Qg3 Kf7 44. Ne3 Qxb3 45. Qf3 Qe6 46. Qb7 d5 $1 47. g4 (47. Nxd5 Qc6 $1 48.
Qxc6 Bxc6 49. Nxc3 bxc3) 47... fxg4 48. hxg4 d4 49. Nf5 d3 50. Nh6+ Kg7 51. f5
Qd6+ 52. Kh3 Qc6 53. f6+ Kg6 54. Qxc6 Bxc6 55. f7 Bg7 0-1

[Event "Nikolaev zt"]
[Site "Nikolaev"]
[Date "1995.??.??"]
[Round "3"]
[White "Novikov, Igor A"]
[Black "Iordachescu, Viorel"]
[Result "1-0"]
[WhiteElo "2590"]
[BlackElo "2425"]
[Annotator "Belov,I"]
[PlyCount "99"]
[EventDate "1995.03.??"]
[EventType "swiss"]
[EventRounds "11"]
[EventCountry "UKR"]
[SourceTitle "CBM 047"]
[Source "ChessBase"]
[SourceDate "1995.08.01"]
[SourceVersion "1"]
[SourceVersionDate "1995.08.01"]
[SourceQuality "1"]

1. d4 Nf6 2. c4 g6 3. Nc3 Bg7 4. e4 d6 5. f3 O-O 6. Bg5 c5 7. d5 h6 8. Be3 e6
9. Qd2 exd5 10. cxd5 Na6 (10... a6 11. Rc1 (11. a4 $5) 11... Re8 12. b3 b5 13.
Bd3 b4 14. Nd1 a5 15. Ne2 a4 $132 {Yusupov,A-Gelfand,B/Munich(11)/1993/0:1/54/}
) (10... Re8 11. Nge2 Nbd7 (11... h5 12. Nf4 Nbd7 13. Be2 Ne5 14. O-O a6 15. b3
b5 16. Rae1 {(Sadler,M-Polgar,J/Hastings(13)/1992/0,5/63/)} Bd7 $10) 12. Nd1 b5
13. Ng3 h5 14. Bxb5 Rb8 15. Be2 h4 16. Nf1 Ne5 17. Rb1 Nh7 18. h3 f5 $44 {
Solozhenkin,E-Marin,A/Sitges Hospitalet op/1993/0,5/25/}) (10... h5 11. Nge2 (
11. Bh6 a6 12. Bxg7 Kxg7 13. a4 Qa5 14. Ra3 Re8 15. Nge2 Nbd7 16. Nd1 Qb4 $1
17. Nec3 Ne5 $10 {Nenashev,A-Belov,I/Cappelle la Grande(04)/1995/0:1/38/})
11... Nbd7 12. Nc1 a6 (12... Ne5 13. Be2 Nh7 14. O-O f5 15. f4 Nd7 (15... Nf7
16. e5 dxe5 17. Bxc5 Re8 18. Nd3 e4 19. Ne1 Nf6 20. Nc2 $16 {Yusupov,
A-Dolmatov,S/Wijk cm1/1991;CBM22/1:0/44/}) 16. exf5 gxf5 17. Bxh5 b5 $5 18.
Nxb5 Nhf6 19. Bf3 Nb6 20. Ne2 Ba6 21. a4 Re8 $44 {Sadler,M-Grouch,C/Hastings
(02)/1992/0,5/38/}) (12... Nh7 13. Be2 Ne5 14. Nb3 f5 15. O-O a6 16. exf5 Bxf5
$10 {Dao Thier Hai-Schaefer,Ma/Muenster(09)/1994/1:0/43/}) 13. a4 Ne5 14. Be2
Re8 15. O-O Nh7 16. N1a2 f5 17. Kh1 Nf6 $10 {Iskusnyh,S-Zakharevich,I/Azov(11)/
1995/1:0/70/}) 11. Nge2 h5 (11... Nc7 12. a4 a6 13. Nc1 Bd7 14. Be2 Kh7 15. Rb1
b5 16. b4 $1 a5 $5 (16... cxb4 17. Rxb4 a5 18. Rxb5 Nxb5 19. Nxb5 Bxb5 20. Bxb5
$14) 17. bxc5 b4 18. Nd1 Bxa4 19. O-O dxc5 20. Bxc5 Re8 21. Nb2 Bb5 $14 {
Spasov,L-Popov,L/Bulgaria-ch/1983/}) 12. Nf4 Bd7 13. Bc4 Nc7 (13... Rb8 14. Ne6
$1 fxe6 15. dxe6 Kh7 16. exd7 $16) 14. a4 a6 (14... b6 $5 15. O-O (15. Nb5 Bxb5
16. axb5 a6 17. bxa6 b5 $132) 15... a6 $132) 15. a5 Bb5 16. Be2 (16. b3 Nd7 17.
Rc1 Ne5 18. Qe2 Qd7 19. O-O $14) 16... Nd7 17. O-O Ne5 18. Rfc1 Bxe2 $6 (18...
Qd7 $142) 19. Qxe2 Qd7 20. Na4 $16 Rae8 21. b4 cxb4 22. Nb6 Qb5 $6 (22... Qe7
23. Rab1 Nb5 24. Rxb4 $16) 23. Rxc7 Ng4 24. Qxb5 axb5 25. Re1 (25. fxg4 $2 Bxa1
26. Rxb7 Rxe4 27. Kf2 Rfe8 $132) 25... Nxe3 26. Rxe3 Bd4 27. Kf2 $1 b3 (27...
f5 28. Ne6 Bxe3+ 29. Kxe3 Rf7 30. Rc1 $18) 28. Rcc3 $1 b2 29. Rb3 f5 30. Ke2
fxe4 31. Ne6 $18 Bxe3 32. Kxe3 exf3 33. gxf3 Rf5 34. Rxb2 Kh7 35. h4 g5 36.
hxg5 Rxg5 37. Rh2 Kh6 38. Kf2 Re5 (38... Rg6 39. f4 Rf6 40. Kf3 b4 41. Ke4 $18)
39. f4 Re4 40. Kf3 Rb4 41. Rxh5+ $1 Kxh5 42. Ng7+ Kg6 43. Nxe8 Ra4 44. Nxd6
Rxa5 45. Nxb7 Ra3+ 46. Ke4 b4 47. Nc5 b3 48. Nc4 Ra5 49. Ne5+ Kf6 50. Nxb3 1-0

[Event "YUG-chT"]
[Site "Budva"]
[Date "1996.??.??"]
[Round "3"]
[White "Ostojic, Nikola"]
[Black "Vukic, Milan"]
[Result "0-1"]
[WhiteElo "2455"]
[BlackElo "2460"]
[Annotator "Belov,I"]
[PlyCount "118"]
[EventDate "1996.??.??"]
[EventType "team"]
[EventRounds "6"]
[EventCountry "YUG"]
[SourceTitle "CBM 053 Extra"]
[Source "ChessBase"]
[SourceDate "1996.09.01"]
[SourceVersion "1"]
[SourceVersionDate "1996.09.01"]
[SourceQuality "1"]

1. d4 Nf6 2. c4 g6 3. Nc3 Bg7 4. e4 d6 5. f3 O-O 6. Bg5 c5 7. d5 e6 8. Nge2 h6
9. Be3 exd5 10. cxd5 a6 (10... Nbd7 11. Qd2 Ne5 (11... h5 12. Nf4 a6 13. Rc1
Ne5 14. b3 b5 15. Be2 Re8 16. O-O Bd7 17. Kh1 Qe7 18. Rfe1 $14 {Sulipa,A-Renet,
O/Groningen op/1991/0,5/44/}) 12. Nc1 a6 13. a4 Rb8 14. Be2 Kh7 15. O-O Bd7 16.
N1a2 b5 17. axb5 axb5 18. b4 cxb4 19. Nxb4 Nc4 20. Bxc4 bxc4 21. Rfb1 $14 {
Rajkovic,D-Scheeren,P/Plovdiv/1983/0,5/45/}) 11. a4 Nbd7 12. Nf4 (12. Ng3 $6 h5
13. Be2 h4 14. Nf1 Nh7 15. Nd2 f5 $15) (12. Nc1 Ne5 13. Be2 Bd7 14. O-O $10) (
12. Qd2 Ne5 13. Ng3 h5 14. Be2 h4 15. Nf1 Rb8 16. Qc2 b5 $13 {Dao Thien
Hai-Van Wely,L/Las Palmas/1993/}) 12... Re8 (12... Ne5 13. Nd3 Nc4 14. Bc1 Nd7
15. Nf2 Na5 16. Be2 Qb6 17. Ra3 f5 18. exf5 gxf5 19. O-O Ne5 {Rajkovic,D-Vukic,
M/YUG tt/1991/0,5/}) 13. Be2 Nh7 14. Qd2 Ne5 15. O-O Qa5 (15... Bd7 16. Kh1 Rb8
(16... b6 17. Rfb1) 17. a5 $14) 16. Kh1 Bd7 17. Nh3 $5 (17. Rfb1 Nf6) 17... h5
(17... Bxh3 18. gxh3 h5 19. f4 Nd7 20. e5 dxe5 21. f5 e4 (21... Nhf6 22. fxg6
fxg6 23. Rg1 Nf8 24. d6 $36) 22. fxg6 fxg6 23. d6 $36) 18. Nf2 Qd8 19. Rfb1 (
19. h3 $5 b5 20. f4 (20. axb5 axb5 21. Rxa8 Qxa8 22. Nxb5 Qb8 23. Nc3 Qb3 $44)
20... Nc4 21. Bxc4 bxc4 $13) 19... Rc8 20. Ra3 (20. b4 $2 cxb4 21. Rxb4 Nxf3
$19) 20... f5 21. b4 c4 22. exf5 (22. f4 Ng4 23. Nxg4 hxg4 24. exf5 Bxf5 25.
Rd1 Nf6 $132) 22... Bxf5 23. Rg1 Qe7 24. Nfe4 $6 (24. Bd4 Nd3 $1 25. Nxd3 (25.
Bxg7 $4 Nxf2#) 25... Bxd4 $17) (24. Ncd1 $5 Nf6 25. Bd4 $13) 24... Nf6 25.
Nxf6+ (25. Bg5 Bxe4 26. fxe4 (26. Nxe4 Nxe4 27. fxe4 (27. Bxe7 Nxd2 $19) 27...
Bf6 $17) 26... Nf7 27. Bh4 Bh6 28. Qd4 Bg5 $10) 25... Qxf6 26. Bg5 Qf7 27. b5
Nd3 $15 28. Bxd3 Bxd3 29. Ne4 $6 (29. Raa1 Qf5 30. Rac1) 29... Bxe4 30. fxe4 c3
$1 31. Qd3 Qc7 $17 32. bxa6 bxa6 33. Bc1 (33. Qxa6 Rxe4 $17) 33... Qc4 34. Qg3
(34. Qxc4 Rxc4 35. Ra2 Rexe4 $19) 34... Qxe4 35. Qxd6 Kh7 36. Rb3 Rcd8 37. Qxa6
Qxd5 38. Rb7 Rd7 39. Rxd7 Qxd7 40. h3 Re6 41. Qc4 Qc6 42. Qb3 (42. Qxc6 Rxc6
43. Re1 Rc4 44. a5 Ra4 $19) 42... Re4 43. Rf1 Qxa4 $19 44. Qb7 Qb4 45. Qa7 Qe7
46. Qf2 Re2 47. Qg3 h4 48. Qf4 Qe4 49. Qh2 Be5 50. Qg1 Qd4 51. Rf7+ Kg8 52. Qf1
Bd6 53. Rd7 Re7 54. Rd8+ (54. Rxe7 Bxe7 55. Bf4 c2 56. Kh2 Bd6 57. Bxd6 Qxd6+
58. Kh1 Qd1 $19) 54... Kh7 55. Rf8 Qg7 56. Rf3 Bg3 57. Be3 c2 58. Qc1 Rxe3 59.
Rxe3 Bf4 0-1

[Event "Elenite"]
[Site "Elenite"]
[Date "1993.??.??"]
[Round "7"]
[White "Sokolov, Ivan"]
[Black "Georgiev, Kiril"]
[Result "1/2-1/2"]
[WhiteElo "2610"]
[BlackElo "2660"]
[Annotator "Belov,I"]
[PlyCount "86"]
[EventDate "1993.??.??"]
[EventType "tourn"]
[EventRounds "11"]
[EventCountry "BUL"]
[EventCategory "14"]
[SourceTitle "CBM 038"]
[Source "ChessBase"]
[SourceDate "1994.02.01"]
[SourceVersion "1"]
[SourceVersionDate "1994.02.01"]
[SourceQuality "1"]

1. d4 Nf6 2. c4 g6 3. Nc3 Bg7 4. e4 d6 5. f3 O-O 6. Bg5 c5 7. d5 h6 8. Be3 e6
9. Nge2 exd5 10. cxd5 a6 11. a4 Nbd7 $5 (11... h5) 12. Ng3 $6 (12. Nc1 $5)
12... h5 13. Be2 h4 14. Nf1 Nh7 15. g4 $5 $146 (15. Nd2 f5 16. exf5 gxf5 17. f4
Re8 18. Bf2 Qe7 19. Nf3 h3 $1 20. gxh3 Ndf6 21. Rg1 Ne4 22. Nxe4 fxe4 $17 {
Bykhovsky,Av-Gleizerov,E /SSSR/1986 Inf 42/98/}) (15. h3 f5 16. exf5 gxf5 17.
Bf4 Ne5 18. Nd2 Ng6 19. Be3 Re8 20. Nc4 b6 21. Qd2 Ra7 22. Kf1 Rae7 $17 {
Spassov,V-Belov,I /Moscow/1985/}) 15... f5 (15... g5 16. Nd2 Ne5 17. Nc4 Re8
18. Qd2 $13) 16. gxf5 gxf5 17. exf5 (17. Nd2 f4 18. Bf2 Ne5 19. Nc4 Ng5 $17)
17... Rxf5 (17... Ne5 $5 18. f4 Nf7 19. Qc2 Nh6 20. Bd3 Bxf5 21. a5 (21. O-O-O
b5) 21... Bxd3 22. Qxd3 Nf5 $17) 18. Rg1 (18. Qc2 Qf8 19. f4 Ndf6 20. Bd3 Nh5
21. a5 Kh8) 18... Kh8 19. Qc2 Qf8 (19... Ne5 $6 20. f4 Nf7 21. Bd3 Rf6 22. Bxh7
) (19... Rf8 20. f4 Ndf6 21. Bd3 $13) 20. f4 Ndf6 21. Bd3 Nh5 $1 22. a5 (22.
O-O-O b5 $17) 22... Nxf4 $1 23. Bxf4 $8 Rxf4 24. Bxh7 Bg4 $1 $44 25. Nd2 (25.
Rxg4 Rxg4 26. O-O-O Bxc3 27. bxc3 Qh6+ $19) (25. Bd3 Re8+ 26. Be2 Bxe2 27. Nxe2
Rf2 28. Ra3 Qf4 $19) 25... Bxc3 $1 26. bxc3 $8 Re8+ 27. Be4 Qf5 28. Ra4 Qxd5
29. Rf1 Qe5 $2 (29... Qg5 $1 30. Qd3 d5 31. Qe3 (31. Rxf4 Qxf4 32. Qxd5 Qe3+
33. Kf1 Bh3+ 34. Bg2 Rf8+ $19) 31... Rfxe4 32. Rxe4 Rxe4 $19) 30. Qd3 d5 31.
Qe3 $1 Rxf1+ 32. Nxf1 (32. Kxf1 Qf6+ 33. Kg2 dxe4 $17) 32... Qxe4 $6 (32... Qf6
33. Qxc5 dxe4 $17) 33. Rxe4 Rxe4 34. Qxe4 dxe4 35. Kf2 $1 $44 Kg7 36. Nd2 Bf5
37. Nb3 c4 38. Nc5 Kf6 (38... Bc8 39. Nxe4 Kg6 40. Nd6 $16) 39. Nxb7 Ke5 40.
Nc5 Bc8 (40... Kf4 41. Nxa6 e3+ 42. Ke1 Kf3 43. Nc5 Bc8 44. a6 $16) 41. Ke3 Kd5
42. Nxe4 $14 h3 43. Kf4 Kc6 1/2-1/2